[Event "Open"]
[Site "Zagreb CRO"]
[Date "2006.01.22"]
[Round "9"]
[White "Kristovic,M"]
[Black "Jakovljevic,Vlado"]
[Result "0-1"]
[WhiteElo "2336"]
[BlackElo "2385"]

1.d4 Nf6 2.Nf3 e6 3.c4 Bb4+ 4.Bd2 c5 5.e3 b6 6.Be2 Bxd2+ 7.Qxd2 O-O 8.Nc3 Bb7
9.O-O Qe7 10.Rfd1 d5 11.Rac1 Nbd7 12.Ne5 Rfd8 13.Nxd7 Rxd7 14.cxd5 cxd4 15.Qxd4 Nxd5
16.Nxd5 Rxd5 17.Qf4 Rxd1+ 18.Rxd1 Rc8 19.h3 h6 20.Qa4 Bc6 21.Qd4 g6 22.Ba6 Rc7
23.Qf4 Kg7 24.Rc1 e5 25.Qc4 Qg5 26.g3 Qf5 27.Qg4 Bf3 28.Rxc7 Bxg4 29.hxg4 Qxg4
30.Bc4 h5 31.Rxf7+ Kh6 32.b3 h4 33.Kg2 hxg3 34.fxg3 Qe4+ 35.Rf3 g5 36.Kf2 g4
37.Rf8 Qc2+ 38.Be2 Qxa2 39.Rg8 Qxb3 40.Rxg4 Qc2 41.Rc4 Qb3 42.Kf3 a5 43.Ke4 a4
44.Kf5 Qxe3 45.Rc6+ Kg7 46.Rc7+ Kf8 47.Bc4 Qxg3 48.Ke6 Qg4+ 49.Kd6 a3 50.Rf7+ Ke8
51.Re7+ Kd8 52.Rf7 Qg6+ 53.Be6 Qxf7  0-1

[Event "ch-Kyiv"]
[Site "Kyiv UKR"]
[Date "2006.01.24"]
[Round "1"]
[White "Brozhik,V"]
[Black "Panchenko,AG"]
[Result "1/2-1/2"]
[WhiteElo "2146"]
[BlackElo "2393"]

1.d4 Nf6 2.Nf3 e6 3.c4 Bb4+ 4.Bd2 Qe7 5.Nc3 Bxc3 6.Bxc3 Ne4 7.Qc2 Nxc3 8.Qxc3 O-O
9.e3 b6 10.Bd3 Bb7 11.O-O Bxf3 12.gxf3 f5 13.f4 d6 14.c5 dxc5 15.dxc5 Nd7
16.cxb6 cxb6 17.Rac1 Nc5 18.Rfd1 Rf6 19.f3 Rg6+ 20.Kh1 Qh4 21.Rd2 Qh3 22.Rf2 Qh4
23.Rg2 Rxg2 24.Kxg2 Nxd3 25.Qxd3 Rd8 26.Qe2 Qe7 27.Rd1 Rc8 28.Qd2 h6 29.b4 Kf7
30.a3 Rc7 31.Qd4 Qf6 32.Qxf6+ Kxf6 33.Rd3 Rc2+ 34.Kg3 Ra2 35.h3 a5 36.bxa5 bxa5
37.Rc3 g5 38.fxg5+ hxg5 39.h4 gxh4+ 40.Kxh4 a4 41.Kg3 Ke5 42.Rd3 Kf6  1/2-1/2

[Event "Classic"]
[Site "Queenstown NZL"]
[Date "2006.01.24"]
[Round "10"]
[White "Berezina,I"]
[Black "Zworestine,C"]
[Result "1/2-1/2"]
[WhiteElo "2285"]
[BlackElo "2110"]

1.d4 Nf6 2.c4 e6 3.Nf3 Bb4+ 4.Bd2 Bxd2+ 5.Qxd2 d5 6.e3 Qe7 7.a3 b6 8.Nc3 Ba6
9.Ne5 O-O 10.Be2 dxc4 11.Nxc4 Bxc4 12.Bxc4 Nbd7 13.O-O c5 14.Rfd1 Rfd8 15.Qe2 Nf8
16.Rd2 Ng6 17.g3 cxd4 18.exd4 Rd7 19.Rad1 Rad8 20.Bb5 Rc7 21.h4 Nd5 22.Ne4 Nf8
23.Ng5 h6 24.Nf3 Nd7 25.Re1 Rdc8 26.Ba6 Re8 27.Rc2 Rxc2 28.Qxc2 Qd6 29.Qa4 N7f6
30.Rc1 Ne7 31.Bb7 Qb8 32.Ba6 Rd8 33.Ne5 Qd6 34.Nf3 Rd7 35.Bd3 Rc7 36.Rxc7  1/2-1/2

[Event "11th HIT Open A"]
[Site "Nova Gorica SLO"]
[Date "2006.01.27"]
[Round "1"]
[White "Azmaiparashvili,Z"]
[Black "Saric,A"]
[Result "1/2-1/2"]
[WhiteElo "2658"]
[BlackElo "2455"]

1.d4 Nf6 2.c4 e6 3.Nf3 Bb4+ 4.Bd2 Bxd2+ 5.Qxd2 d5 6.Nc3 O-O 7.e3 Qe7 8.Rc1 dxc4
9.Bxc4 c5 10.dxc5 Qxc5 11.Bb3 Qe7 12.e4 Rd8 13.Qf4 Nbd7 14.e5 Ne8 15.Bc2 Nf8
16.h4 b6 17.Rh3 Ng6 18.Qa4 Qd7 19.Qb4 Bb7 20.Rd1 Qe7 21.Qxe7 Nxe7 22.h5 h6
23.Nh4 Rxd1+ 24.Kxd1 Rd8+ 25.Rd3 Rxd3+ 26.Bxd3 Nd5 27.Nxd5 Bxd5 28.Kc2 Nc7
29.Kc3 Kf8 30.a3 Ke7 31.Kd4 Kd7 32.f4 Bc6 33.g3 Ke7 34.g4 Be8 35.Be4 f5 36.gxf5 Bxh5
37.Ke3 Bg4 38.fxe6 g5 39.Bf5 Bxf5 40.Nxf5+ Kxe6 41.Nxh6 Nd5+ 42.Ke4 Nxf4
43.a4 Ng6 44.Ng4 a6 45.b4 Ne7 46.Nf2 Ng6 47.Ng4 Ne7 48.Nh2 Nc6 49.Nf3 Nxb4
50.Nxg5+ Ke7  1/2-1/2

[Event "ch-Kyiv"]
[Site "Kyiv UKR"]
[Date "2006.01.29"]
[Round "7"]
[White "Kruglyakov,P"]
[Black "Melnichuk,M"]
[Result "1/2-1/2"]
[WhiteElo "2238"]
[BlackElo "2118"]

1.d4 Nf6 2.c4 e6 3.Nf3 Bb4+ 4.Bd2 Qe7 5.g3 Nc6 6.Bg2 Bxd2+ 7.Qxd2 Ne4 8.Qe3 Qb4+
9.Nbd2 Nxd2 10.Nxd2 Qxb2 11.Nb3 Qa3 12.O-O Qe7 13.h4 O-O 14.h5 d6  1/2-1/2

[Event "TCh-FRA Top 16 Gp A"]
[Site "Paris FRA"]
[Date "2006.02.03"]
[Round "1"]
[White "Wolfangel,F"]
[Black "Richard,E"]
[Result "1/2-1/2"]
[WhiteElo "1960"]
[BlackElo "1920"]

1.d4 Nf6 2.c4 e6 3.Nf3 Bb4+ 4.Bd2 Qe7 5.e3 Nc6 6.a3 Bxd2+ 7.Nbxd2 d6 8.b4 a6
9.Bd3 e5 10.d5 Nd8 11.Qc2 Bg4 12.h3 Bh5 13.g4 Bg6 14.e4 c6 15.Nh4 Rc8 16.Qb3 Nd7
17.Nf5 Bxf5 18.exf5 Nf6 19.O-O O-O 20.Rae1 Qc7 21.f4 cxd5 22.fxe5 dxc4 23.Nxc4 dxe5
24.g5 Nd7 25.f6 b5 26.fxg7 Kxg7 27.Ne3 Qc3 28.Qd5 Qd4 29.Qxd4 exd4 30.Nf5+ Kh8
31.Nxd4 Rc3 32.Bf5 Nb6 33.Rf4 Rg3+ 34.Kh2 Rxg5 35.Rh4 Rg7 36.Rh6 Nc4 37.Rxa6 Rfg8
38.Nxb5 Rg2+ 39.Kh1 Nd2 40.Rh6 R2g7 41.Nd4 Nc4 42.Nf3 Nb7 43.Ng5 Nbd6 44.Bd3 f5
45.h4 Rc8 46.Rf6 Ra7 47.Bxf5 Nxf5 48.Rxf5 h6 49.Nf7+ Kh7 50.Re6 Rxa3 51.Rxh6+ Kg7
52.Rff6 Ne5 53.Nxe5 Rc1+ 54.Kg2 Rc2+ 55.Rf2 Rxf2+ 56.Kxf2 Kxh6 57.Ke2 Ra8
58.Kd3 Rc8 59.Kd4 Kh5 60.b5 Rc1 61.b6  1/2-1/2

[Event "3rd ch-Mediterranean"]
[Site "Antalya TUR"]
[Date "2006.02.04"]
[Round "5"]
[White "Mir Mahmoud,A"]
[Black "Al Jaabari,O"]
[Result "1/2-1/2"]
[WhiteElo "2024"]
[BlackElo "2030"]

1.d4 Nf6 2.Nf3 e6 3.c4 Bb4+ 4.Bd2 Qe7 5.g3 Nc6 6.Bg2 Bxd2+ 7.Nbxd2 O-O 8.O-O d6
9.e4 e5 10.d5 Nb8 11.b4 a5 12.a3 Na6 13.Qb3 Bd7 14.Rfc1 c6 15.Ne1 axb4 16.axb4 c5
17.Nd3 cxb4 18.Nxb4 Nc5 19.Qe3 Rfb8 20.Nb3 b6 21.Rcb1 Qd8 22.h3 Qc8 23.Kh2 Ne8
24.f4 f6 25.fxe5 fxe5  1/2-1/2

[Event "TCh-FRA Top 16 Gp A"]
[Site "Paris FRA"]
[Date "2006.02.04"]
[Round "2"]
[White "Lautier,J"]
[Black "Wirig,A"]
[Result "1/2-1/2"]
[WhiteElo "2682"]
[BlackElo "2410"]

1.d4 Nf6 2.c4 e6 3.Nf3 Bb4+ 4.Bd2 Qe7 5.g3 Nc6 6.Bg2 Bxd2+ 7.Nbxd2 d6 8.O-O O-O
9.e4 e5 10.d5 Nb8 11.Ne1 a5 12.Nd3 Na6 13.f4 Nd7 14.Qc2 Nac5 15.f5 Nxd3 16.Qxd3 f6
17.b3 Nc5 18.Qe2 Bd7 19.a3 Rfb8 20.b4 axb4 21.axb4 Rxa1 22.Rxa1 Na6 23.Rb1 c5
24.dxc6 bxc6 25.b5 Nc5 26.Bf1 Be8 27.Nb3 Nxb3 28.Rxb3 Bf7 29.Rb2 Qa7+ 30.Qf2 Qxf2+
31.Kxf2 Kf8 32.Ke3 Ra8 33.bxc6 Rc8 34.Rb6 Be8 35.Rb7 Rxc6 36.Bd3 Bf7 37.Rb8+ Ke7
38.Rb7+ Kf8 39.Rb8+ Ke7 40.Rb7+  1/2-1/2

[Event "TCh-BEL 2005-6"]
[Site "Belgium BEL"]
[Date "2006.02.05"]
[Round "8"]
[White "Roeder,M"]
[Black "Tjiam,D"]
[Result "1/2-1/2"]
[WhiteElo "2400"]
[BlackElo "2355"]

1.Nf3 Nf6 2.c4 e6 3.d4 Bb4+ 4.Bd2 Qe7 5.g3 Bxd2+ 6.Qxd2 b6 7.Nc3 Bb7 8.Bg2 O-O
9.O-O d6 10.d5 e5 11.Nh4 Ne8 12.Nf5 Qf6 13.Bh3 Qd8 14.f4 Nd7 15.e4 a5 16.b3 Bc8
17.Ne3 Nc5 18.Bxc8 Rxc8 19.fxe5 dxe5 20.Ng4 f6 21.Nf2 Nd6 22.Rae1  1/2-1/2

[Event "Open"]
[Site "Moscow RUS"]
[Date "2006.02.05"]
[Round "8"]
[White "Dvalishvili,P"]
[Black "Bocharov,D"]
[Result "1/2-1/2"]
[WhiteElo "2456"]
[BlackElo "2590"]

1.d4 Nf6 2.Nf3 e6 3.c4 Bb4+ 4.Bd2 Qe7 5.Qc2 Bxd2+ 6.Nbxd2 d6 7.e3 O-O 8.Bd3 e5
9.O-O Bg4 10.Ng5 h6 11.Nh7 Re8 12.Nxf6+ Qxf6 13.Ne4 Qe7 14.Ng3 exd4 15.exd4 Nc6
16.h3 Bd7 17.d5 Nb4 18.Bh7+ Kh8 19.Qd2 a5  1/2-1/2

[Event "Open"]
[Site "Moscow RUS"]
[Date "2006.02.06"]
[Round "9"]
[White "Gavrilov,Al1"]
[Black "Gorbatov,A"]
[Result "0-1"]
[WhiteElo "2487"]
[BlackElo "2381"]

1.d4 Nf6 2.c4 e6 3.Nf3 Bb4+ 4.Bd2 Bxd2+ 5.Qxd2 O-O 6.Nc3 d5 7.e3 Qe7 8.cxd5 exd5
9.Bd3 Nbd7 10.O-O c6 11.a3 a5 12.Qc2 Re8 13.Rfe1 g6 14.Nd2 Ng4 15.Nf1 Nh6
16.Na4 Ra7 17.Qc3 Nf6 18.Qc5 Qxc5 19.Nxc5 Bf5 20.Be2 Rea8 21.f3 Nd7 22.Na4 g5
23.Kf2 Bg6 24.Nd2 Nf5 25.g4 Nd6 26.Nb3 f5 27.Nac5 Nf6  0-1

[Event "FSIMB February"]
[Site "Budapest HUN"]
[Date "2006.02.10"]
[Round "7"]
[White "Voiteanu,G"]
[Black "Toth,Li"]
[Result "1/2-1/2"]
[WhiteElo "2268"]
[BlackElo "2215"]

1.d4 Nf6 2.c4 e6 3.Nf3 Bb4+ 4.Bd2 c5 5.Nc3 O-O 6.d5 exd5 7.cxd5 d6 8.g3 Re8
9.Bg2 Bxc3 10.Bxc3 Ne4 11.O-O Nxc3 12.bxc3 Nd7 13.Re1 b5 14.e4 a5 15.Nd2 c4
16.a4 Ba6 17.axb5 Bxb5 18.Nf3 Nc5 19.Nd4 Bd7 20.f4 a4 21.Re2 Nb3 22.Ra3 Bg4
23.Nf3 Qa5 24.Rea2 Qxc3 25.Qe1 Qxe1+ 26.Nxe1 Nc5 27.Nc2 Rab8 28.Ne3 Rb1+
29.Kf2 Bd1 30.Nxc4 Bb3 31.Nxd6 Rd8 32.e5 Bxa2 33.Rxa2 Rb3 34.Rc2 Nd3+ 35.Ke2 a3
36.e6 fxe6 37.dxe6 Rb2 38.e7 Rxc2+ 39.Kd1 Rc1+ 40.Kd2 Re8 41.Bd5+ Kh8 42.Nxe8 Re1
43.Nd6 Rxe7 44.Nf7+ Kg8 45.Ne5+ Kf8 46.Nxd3 Rd7 47.Bb3 Rd6 48.Kc3 Rh6 49.Nc1 Rxh2
50.Bd5 a2 51.Nxa2 Rh3 52.Kd4 Rxg3 53.Nc3 g6 54.Ne4 Rg1 55.Ke5 Kg7  1/2-1/2

[Event "2nd ch-SCG Women"]
[Site "Tivat SCG"]
[Date "2006.02.22"]
[Round "2"]
[White "Vojinovic,J"]
[Black "Drljevic,L"]
[Result "1-0"]
[WhiteElo "2035"]
[BlackElo "2213"]

1.d4 Nf6 2.Nf3 e6 3.c4 Bb4+ 4.Bd2 Be7 5.g3 b6 6.Bg2 Bb7 7.O-O Ne4 8.Nc3 Nxd2
9.Qxd2 O-O 10.d5 Na6 11.Ne5 exd5 12.Nxd5 Bd6 13.Ng4 Rb8 14.e4 Bxd5 15.cxd5 f5
16.exf5 Rxf5 17.a3 Qf8 18.b4 Qf7 19.Qd3 b5 20.Ne3 Rh5 21.f4 Kh8 22.Bf3 Rh6
23.Ng4 Rh5 24.Ne5 Bxe5 25.Bxh5 Qxh5 26.fxe5 Qxe5 27.Rae1 Qd6 28.Qxb5 h6 29.Qc4 c5
30.dxc6 Qxc6 31.Qxc6 dxc6 32.Re6 Rb6 33.Rf7 c5 34.Rxb6 axb6 35.b5  1-0

[Event "13th Open Metalis"]
[Site "Bizovac CRO"]
[Date "2006.02.23"]
[Round "1"]
[White "Drazic,S"]
[Black "Fiskus,Z"]
[Result "1-0"]
[WhiteElo "2488"]
[BlackElo "2002"]

1.d4 Nf6 2.c4 e6 3.Nf3 Bb4+ 4.Bd2 Qe7 5.c5 Bxd2+ 6.Nbxd2 O-O 7.e3 b6 8.Rc1 Ba6
9.Bxa6 Nxa6 10.Qa4 Nb8 11.O-O bxc5 12.Rxc5 d6 13.Rc2 Rc8 14.Rfc1 h6 15.b4 Nd5
16.e4 Nb6 17.Qa5 Qd8 18.h3 d5 19.e5 N8d7 20.Rc6 Nb8 21.R6c3 N8d7 22.R1c2 f6
23.exf6 gxf6 24.Rc6 Kf7 25.Qa3 Nb8 26.R6c5 Qd7 27.Qe3 Kg7 28.Qf4 c6 29.R5c3 a6
30.Nh4 Rh8 31.Rg3+ Kf7 32.Ndf3 Ke8 33.Qxf6 Rf8 34.Qxh6 Qf7 35.Rg7 Qf6 36.Rg6  1-0

[Event "TCh-CZE Extraliga 2005-6"]
[Site "Czech Rep CZE"]
[Date "2006.02.25"]
[Round "8"]
[White "Dolezal,R1"]
[Black "Voloshin,L"]
[Result "1/2-1/2"]
[WhiteElo "2396"]
[BlackElo "2466"]

1.d4 Nf6 2.Nf3 e6 3.c4 Bb4+ 4.Bd2 c5 5.Bxb4 cxb4 6.Nbd2 a5 7.e4 d6 8.Bd3 Nfd7
9.O-O b6 10.Re1 e5 11.Bc2 O-O 12.Nf1 Qc7 13.Ne3 Nf6 14.dxe5 dxe5 15.Nd5 Nxd5
16.exd5 Nd7 17.d6 Qxc4 18.Be4 Ra7 19.Rc1 Qa6 20.Bc6 f6 21.Nh4 g6 22.f4 Nc5
23.fxe5 fxe5 24.Rxe5 Qd3 25.Bd5+ Kg7 26.Nf3 Qxd1+ 27.Rxd1 Rd8 28.Bc6 Be6
29.Re3 Bxa2 30.Nd4 Rxd6 31.Nf5+ gxf5 32.Rxd6 Bf7 33.Rd4 Kf6  1/2-1/2

[Event "ch-LAT"]
[Site "Riga LAT"]
[Date "2006.03.01"]
[Round "3"]
[White "Kengis,E"]
[Black "Miezis,N"]
[Result "1/2-1/2"]
[WhiteElo "2531"]
[BlackElo "2470"]

1.d4 Nf6 2.Nf3 e6 3.c4 Bb4+ 4.Bd2 Qe7 5.g3 b6 6.Bg2 Bb7 7.O-O O-O 8.Bf4 Bd6
9.Bxd6 cxd6 10.Nc3 Rc8 11.b3 d5 12.Nd2 d6 13.Rc1 Nbd7 14.Re1 Rab8 15.cxd5 Nxd5
16.Nxd5 Bxd5 17.Bxd5 exd5 18.Nf1 Nf6 19.Ne3 Qe6 20.Qd3 g6 21.a4  1/2-1/2

[Event "1st ONGC Cup"]
[Site "Hyderabad IND"]
[Date "2006.03.03"]
[Round "8"]
[White "Sriram,J"]
[Black "Ramaswamy,A"]
[Result "1-0"]
[WhiteElo "2444"]
[BlackElo "2239"]

1.d4 Nf6 2.c4 e6 3.Nf3 Bb4+ 4.Bd2 c5 5.Bxb4 cxb4 6.g3 O-O 7.Bg2 d6 8.O-O a5
9.Nbd2 Nc6 10.e4 e5 11.d5 Nb8 12.c5 Bg4 13.cxd6 Re8 14.h3 Bxf3 15.Qxf3 Qxd6
16.Nc4 Qd8 17.Rac1 Na6 18.Qf5 Nc5 19.Nxe5 Qe7 20.Ng4 Nfxe4 21.Rfe1 b6 22.Rxc5 Nxg3
23.Rxe7 Nxf5 24.Rxe8+ Rxe8 25.Rc6  1-0

[Event "FSIMA March"]
[Site "Budapest HUN"]
[Date "2006.03.04"]
[Round "1"]
[White "Petran,Pa"]
[Black "Fodor,T jr"]
[Result "1/2-1/2"]
[WhiteElo "2426"]
[BlackElo "2302"]

1.d4 Nf6 2.c4 e6 3.Nf3 Bb4+ 4.Bd2 c5 5.Bxb4 cxb4 6.Nbd2 O-O 7.g3 d6 8.Bg2 Nc6
9.O-O e5 10.d5 Nb8 11.Ne1 a5 12.Nd3 Na6 13.a3 Qb6 14.axb4 Nxb4 15.c5 dxc5
16.Nc4 Qd8 17.Nxb4 cxb4 18.Nxe5 Ra6 19.Qd4 Re8 20.f4 Bd7 21.e4 Bb5 22.Rfc1 h5
23.Qc5 Bd7 24.Qc7 a4 25.Qxd8 Rxd8 26.Rc4 b3 27.Nxd7 Nxd7 28.Bf1 b5 29.Rb4 Rb6
30.Rc1 Nf6 31.Rxb5 Rxb5 32.Bxb5 a3 33.bxa3 Nxe4 34.Rb1 Nc5 35.Bc4 Rb8 36.Rb2 Kf8
37.d6 f6 38.a4 Nxa4 39.Rxb3 Rxb3 40.Bxb3 Nc5 41.Bd5 f5 42.Kf2 Ke8 43.Bc6+ Kf7
44.Ke3 Ke6 45.Be8 Kxd6 46.Bxh5 Ke6 47.Bf3 Kf6 48.h4 Ne6 49.Bd5 Nf8 50.Kd4 Ng6
51.Kc5 Ke7 52.Bg8 Nf8 53.Kc6 Nd7 54.Bh7 Nf6 55.Bxf5 Nh5 56.Kd5 Nxg3 57.Bg4 Kf6
58.Kd4 Nf1 59.Kd3 Nh2 60.Be2 Kf5 61.Ke3 Ng4+ 62.Kf3 Nh6 63.Bd3+ Kf6 64.h5 Ng8
65.Bc4 Ne7  1/2-1/2

[Event "1st ONGC Cup"]
[Site "Hyderabad IND"]
[Date "2006.03.04"]
[Round "9"]
[White "Kunte,A"]
[Black "Harika,D"]
[Result "1-0"]
[WhiteElo "2551"]
[BlackElo "2358"]

1.d4 Nf6 2.Nf3 e6 3.c4 Bb4+ 4.Bd2 Qe7 5.g3 Nc6 6.Nc3 Bxc3 7.Bxc3 Ne4 8.Rc1 O-O
9.Bg2 d6 10.d5 Nxc3 11.Rxc3 Nb8 12.dxe6 fxe6 13.Nd4 c6 14.O-O Nd7 15.b4 Nf6
16.b5 e5 17.Nc2 cxb5 18.cxb5 Be6 19.Nb4 Rac8 20.Rd3 Bc4 21.Nd5 Bxd5 22.Bxd5+ Kh8
23.Bg2 Rfd8 24.Qa4 d5 25.Qxa7 Ra8 26.Qb6 Rxa2 27.e3 Rc2 28.Rfd1 Rf8 29.R3d2 Rxd2
30.Rxd2 Qb4 31.Rd1 Ng4 32.Rf1 d4 33.exd4 exd4 34.h3 Ne5 35.Qxb7 Nc4 36.Qd5 Na3
37.Be4 Qxb5 38.Qd6 Re8 39.Qxa3 Qe5 40.Bd3 h5 41.h4  1-0

[Event "2nd ch-SCG"]
[Site "Pancevo SCG"]
[Date "2006.03.04"]
[Round "6"]
[White "Abramovic,B"]
[Black "Pikula,D"]
[Result "1/2-1/2"]
[WhiteElo "2507"]
[BlackElo "2530"]

1.d4 Nf6 2.Nf3 e6 3.c4 Bb4+ 4.Bd2 c5 5.Bxb4 cxb4 6.g3 O-O 7.Bg2 d6 8.O-O Nc6
9.a3 bxa3 10.Nxa3 e5 11.dxe5  1/2-1/2

[Event "FSIMA March"]
[Site "Budapest HUN"]
[Date "2006.03.11"]
[Round "8"]
[White "Szeberenyi,A"]
[Black "Fodor,T jr"]
[Result "1-0"]
[WhiteElo "2395"]
[BlackElo "2302"]

1.d4 Nf6 2.c4 e6 3.Nf3 Bb4+ 4.Bd2 Qe7 5.g3 Nc6 6.Nc3 Bxc3 7.Bxc3 Ne4 8.Rc1 d6
9.Bg2 a5 10.d5 Nxc3 11.Rxc3 Nd8 12.Nd2 O-O 13.O-O e5 14.c5 b6 15.cxb6 cxb6
16.Qb3 Rb8 17.Rfc1 Ba6 18.Rc7 Qg5 19.e3 Qh6 20.Ra7 Bc8 21.Nc4 Bf5 22.Nxa5 e4
23.Qb4 Qf6 24.Nc4 Nb7 25.Qxb6 Nc5 26.Qxd6 Nd3 27.Qxf6 gxf6 28.Rc2 Rfd8 29.d6 Rbc8
30.Rc7 Ra8 31.a3 Kg7 32.g4 Bg6 33.d7 Ra6 34.b4 f5 35.b5 Re6 36.b6  1-0

[Event "2nd ch-SCG"]
[Site "Pancevo SCG"]
[Date "2006.03.11"]
[Round "12"]
[White "Antic,De"]
[Black "Perunovic,Mil"]
[Result "0-1"]
[WhiteElo "2505"]
[BlackElo "2508"]

1.d4 Nf6 2.c4 e6 3.Nf3 Bb4+ 4.Bd2 c5 5.Bxb4 cxb4 6.g3 O-O 7.Bg2 d6 8.a3 Nc6
9.O-O bxa3 10.Nxa3 Qe7 11.Nb5 Bd7 12.d5 exd5 13.Nc7 Rac8 14.Nxd5 Qd8 15.Nd4 a6
16.Ne3 Qb6 17.Ndf5 Rcd8 18.Qd2 Be6 19.Qc3 Rfe8 20.Rad1 Qc5 21.Nd4 Nxd4 22.Qxd4 b5
23.cxb5 Qxb5 24.Rd2 h6 25.Rc1 d5 26.h3 Ne4 27.Rdc2 Rb8 28.g4 Qa5 29.Bxe4 dxe4
30.Rc5 Qb6 31.R1c2 Rbd8 32.Qc3 Qd6 33.Qe5 Qb6 34.Rc6 Qb4 35.Qc3 Qe7 36.Rxa6 Qh4
37.Kg2 h5 38.Nf5 Bxf5 39.gxf5 e3 40.fxe3 Qg5+ 41.Kf3 h4  0-1

[Event "XXII Open"]
[Site "Reykjavik ISL"]
[Date "2006.03.13"]
[Round "8"]
[White "Mankeyev,Raua"]
[Black "Rogers,I"]
[Result "0-1"]
[WhiteElo "2381"]
[BlackElo "2547"]

1.Nf3 Nf6 2.c4 e6 3.d4 Bb4+ 4.Bd2 Qe7 5.g3 Nc6 6.Bg2 Bxd2+ 7.Nbxd2 d6 8.O-O a5
9.e4 e5 10.d5 Nb8 11.Qa4+ Nbd7 12.b4 O-O 13.a3 b6 14.Qb3 Bb7 15.Nh4 g6 16.Bh3 c6
17.Qe3 Rfe8 18.Rfc1 Qf8 19.Nb3 axb4 20.axb4 Rxa1 21.Rxa1 Ra8 22.Qe1 Rxa1
23.Qxa1 Qa8 24.Qxa8+ Bxa8 25.f3 Kf8 26.Ng2 Ke7 27.Ne3 Bb7 28.Kf2 c5 29.b5 Nf8
30.Nd2 Kd8 31.f4 Bc8 32.Bxc8 Kxc8 33.Kf3 N8d7 34.h4 Kd8 35.Nb3 Ke7 36.Nc1 Kf8
37.Nd3 Ke7 38.Nf2 Kf8 39.Nh3 Ke7 40.Ng5 Kf8 41.f5 Kg7 42.g4 Kf8 43.Ne6+ Ke8
44.Ng5 Kf8 45.h5 gxh5 46.gxh5 h6 47.Ne6+ Ke7 48.Nc7 Nxh5 49.Ng4 Nf4 50.Nxh6 Nd3
51.Ng4 Nb2 52.Ne3 Kd8 53.Ne6+ fxe6 54.dxe6 Nf6 55.Kg3 Na4 56.Kh4 Nc3 57.Kg5 Ncxe4+
58.Kg6 Ke7 59.Kg7 Nc3 60.Kg6 d5 61.cxd5 Ncxd5 62.Nc4 e4 63.Ne5 e3 64.Nf3 e2
65.Ne1 c4  0-1

[Event "XXII Open"]
[Site "Reykjavik ISL"]
[Date "2006.03.13"]
[Round "8"]
[White "Sigfusson,S"]
[Black "Ptacnikova,L"]
[Result "1-0"]
[WhiteElo "2339"]
[BlackElo "2204"]

1.d4 Nf6 2.c4 e6 3.Nf3 Bb4+ 4.Bd2 c5 5.Bxb4 cxb4 6.Nbd2 O-O 7.Qc2 d6 8.Rg1 Nc6
9.g4 e5 10.g5 Nh5 11.d5 Nb8 12.e3 g6 13.Ne4 Bf5 14.Nfd2 Na6 15.Be2 Ng7 16.Bd3 Kh8
17.h4 Nh5 18.Qd1 Bxe4 19.Nxe4 f5 20.gxf6 Nxf6 21.Ng5 Nc5 22.h5 gxh5 23.Bxh7 Qe7
24.Bg6 e4 25.Qd4 Nd3+ 26.Ke2 Ne5 27.Bxe4 Rac8 28.b3 b5 29.Rac1 bxc4 30.bxc4 Rg8
31.f4 Nxc4 32.Rxc4 Rxc4 33.Qxc4 Nxe4 34.Qd4+ Nf6 35.Rh1 Qg7 36.Rc1 Nxd5 37.Qxd5 Re8
38.Nf7+ Kh7 39.Qxh5+ Kg8 40.Nh6+ Kh8 41.Nf5+  1-0

[Event "Pius Brinzeu Mem"]
[Site "Timisoara ROM"]
[Date "2006.03.19"]
[Round "2"]
[White "Mateuta,G"]
[Black "Marinescu,Mi"]
[Result "1-0"]
[WhiteElo "2460"]
[BlackElo "2239"]

1.d4 Nf6 2.Nf3 e6 3.c4 Bb4+ 4.Bd2 Be7 5.Nc3 d5 6.Bg5 O-O 7.e3 Nbd7 8.Rc1 c6
9.a3 h6 10.Bf4 Nh5 11.Be5 Nxe5 12.Nxe5 Nf6 13.Bd3 dxc4 14.Bxc4 Nd5 15.O-O Nxc3
16.Rxc3 Qb6 17.Qc2 Bd6 18.Nd3 Bd7 19.Ba2 Rfd8 20.f4 Rac8 21.h4 Be7 22.h5 Be8
23.Bb1 f5 24.Ba2 Bd7 25.Nc5 Bxc5 26.dxc5  1-0

[Event "Open"]
[Site "Bad Woerishofen GER"]
[Date "2006.03.22"]
[Round "6"]
[White "Skembris,S"]
[Black "Thinius,M"]
[Result "1-0"]
[WhiteElo "2451"]
[BlackElo "2343"]

1.d4 Nf6 2.c4 e6 3.Nf3 Bb4+ 4.Bd2 a5 5.g3 d6 6.Bg2 Nbd7 7.O-O e5 8.Bxb4 axb4
9.Qd2 c5 10.dxc5 dxc5 11.Qe3 O-O 12.Nbd2 Re8 13.h3 h6 14.Rfd1 Qc7 15.Ne1 Ra7
16.a3 bxa3 17.Nc2 Nf8 18.Nxa3 Ne6 19.Nb5 Rxa1 20.Rxa1 Qb8 21.Ne4 Nxe4 22.Qxe4 Rd8
23.h4 Nd4 24.Nxd4 Rxd4 25.Qc2 Be6 26.b3 g6 27.Ra5 Qc7 28.Ra7 Kf8 29.Qc1 Kg7
30.Rxb7 Qd6 31.Qe3 e4 32.Kh2 Qe5 33.Rb5 Qd6 34.Qc3 Kh7 35.Rb7 Kg8 36.Qe3 Kg7
37.Rb5 Bd7 38.Ra5 Bf5 39.Qc3 Kh7 40.Ra7 Be6 41.e3 Rd3 42.Qf6 Qb8 43.Re7  1-0

[Event "22nd Spring Festival Open"]
[Site "Budapest HUN"]
[Date "2006.03.23"]
[Round "1"]
[White "Dominguez Carmona,M"]
[Black "Mitscherling,A"]
[Result "0-1"]
[WhiteElo "2039"]
[BlackElo "2247"]

1.d4 Nf6 2.c4 e6 3.Nf3 Bb4+ 4.Bd2 Qe7 5.Qc2 Nc6 6.g3 Bxd2+ 7.Nbxd2 d6 8.Bg2 O-O
9.O-O e5 10.dxe5 dxe5 11.Rfd1 e4 12.Ng5 Nd4 13.Qb1 e3 14.Nde4 Nxe4 15.Nxe4 exf2+
16.Nxf2 Nf5 17.Be4 g6 18.Qd3 Nd6 19.Bg2 Bf5 20.e4 Be6 21.Rac1 Rad8 22.Qe2 f6
23.e5 fxe5 24.Qxe5 Rde8 25.Re1 c6 26.Bh3 Nf5 27.Nd3 Qg7 28.Nc5 Qxe5 29.Rxe5 Bc8
30.Rce1 Rxe5 31.Rxe5 Nd4 32.Bg2 Kf7 33.Ne4 Bf5 34.Nd6+ Kf6 35.Re1 b6 36.h3 Rd8
37.Nxf5 Nxf5 38.Bxc6 Rd2 39.Rf1 Kg5 40.Rf2 Rd3 41.Rf3 Rd1+ 42.Kg2 Nd4 43.h4+ Kh6
44.Ba4 Rc1 45.Rd3 Rxc4 46.Bd1 Nf5 47.b3 Rc7 48.a4 Kg7 49.Bg4 Kf6 50.Bxf5 Kxf5
51.Kf3 h5 52.Rd5+ Ke6 53.Rd3 Ke5 54.g4 Rf7+ 55.Kg3 Ke4 56.Rc3 Rf1 57.Rc4+ Kd5
58.gxh5 gxh5 59.Rc3 Rg1+ 60.Kh3 Rg4 61.Rc7 Rb4 62.Rxa7 Rxb3+ 63.Kg2 Rb4 64.a5 b5
65.Rh7 Rxh4 66.Kg3 Rh1 67.a6 Ra1 68.Rxh5+ Kc4 69.Rh6 b4 70.Kf4 Kb5 71.Ke4 b3
72.Rh8 Rxa6 73.Rb8+ Kc4 74.Rc8+ Kb4 75.Rb8+ Ka3 76.Kd3 Rc6 77.Ra8+ Kb2 78.Rb8 Ka2
79.Ra8+ Kb1 80.Rb8 b2 81.Kd2 Rc2+ 82.Kd1 Rc4 83.Kd2 Ra4 84.Kc3 Ra3+ 85.Kd2 Ka1
86.Kc2 Ra7  0-1

[Event "66th ch-ARM"]
[Site "Yerevan ARM"]
[Date "2006.03.23"]
[Round "8"]
[White "Kalashian,D"]
[Black "Pashikian,A"]
[Result "0-1"]
[WhiteElo "2319"]
[BlackElo "2472"]

1.d4 Nf6 2.c4 e6 3.Nf3 Bb4+ 4.Bd2 c5 5.Bxb4 cxb4 6.e3 b6 7.Bd3 Bb7 8.Nbd2 O-O
9.O-O d6 10.Qc2 Nbd7 11.Ne4 Qc7 12.Rfc1 Rac8 13.Nfg5 g6 14.Nxf6+ Nxf6 15.f3 Qe7
16.Qf2 e5 17.Qh4 Nh5 18.g4 exd4 19.e4 Rc5 20.f4 h6 21.gxh5 hxg5 22.Qf2 gxf4
23.hxg6 Rg5+ 24.Kf1 Bxe4 25.Qxd4 Bxd3+ 26.Qxd3 fxg6 27.Re1 Qf6 28.Re2 f3
29.Rf2 Rg2 30.Qd2 Rxf2+ 31.Qxf2 Qe6 32.Rc1 Rf4 33.Kg1 Rxc4 34.Re1 Re4 35.Rc1 Qg4+  0-1

[Event "Pius Brinzeu Mem"]
[Site "Timisoara ROM"]
[Date "2006.03.24"]
[Round "7"]
[White "Jianu,V"]
[Black "Berescu,A"]
[Result "1/2-1/2"]
[WhiteElo "2492"]
[BlackElo "2433"]

1.d4 Nf6 2.c4 e6 3.Nf3 Bb4+ 4.Bd2 Qe7 5.g3 Nc6 6.Bg2 Bxd2+ 7.Nbxd2 d6 8.Nf1 e5
9.Ne3 Bg4 10.Nxg4 Nxg4 11.h3 Nf6 12.e3 O-O 13.O-O  1/2-1/2

[Event "ch-ARG s/f"]
[Site "Buenos Aires ARG"]
[Date "2006.03.25"]
[Round "6"]
[White "Palmero,P"]
[Black "Alza,A"]
[Result "1/2-1/2"]
[WhiteElo "2153"]
[BlackElo "2084"]

1.d4 Nf6 2.c4 e6 3.Nf3 Bb4+ 4.Bd2 c5 5.e3 O-O 6.Be2 Bxd2+ 7.Qxd2 cxd4 8.exd4 d6
9.Nc3 Nbd7 10.O-O b6 11.Qf4 Qe7 12.Rfe1 Bb7 13.Rac1 Nh5 14.Qe3 g6 15.Bd3 Rae8
16.Be4 Bxe4 17.Qxe4 f5 18.Qb7 Rb8 19.Qxa7 Ra8 20.Qb7 Rfc8 21.Nd5 Qd8 22.Rxe6 Rab8
23.Qa6 Ra8 24.Qb5 Ra5 25.Ne7+ Qxe7 26.Rxe7 Rxb5 27.Rxd7 d5 28.g3 dxc4 29.Ne5 Nf6
30.Rb7 Rxb2 31.Rxc4 Rxc4 32.Nxc4 Rb4 33.Ne5 Nd5 34.Nc6 Rc4 35.Rd7 Rxc6 36.Rxd5 Rc4
37.Rb5 Rxd4 38.Rxb6 Ra4 39.Rb2 Kf7 40.Re2 Kf6 41.h4 f4 42.Kf1 fxg3 43.fxg3 Ra3
44.Rf2+ Kg7 45.Rg2 h5 46.Ke1 Kf6 47.Kd1 Kf5 48.Kc1 Kg4 49.Kb2 Ra6 50.Kb3 Kf3
51.Rd2 Kxg3 52.Rd4 g5 53.hxg5 h4 54.a4 h3 55.Kb4 h2 56.Rd1 Kg2 57.Rd2+ Kg3
58.Rd1 Kg2  1/2-1/2

[Event "Pius Brinzeu Mem"]
[Site "Timisoara ROM"]
[Date "2006.03.25"]
[Round "8"]
[White "Russu,E"]
[Black "Bylino,O"]
[Result "0-1"]
[WhiteElo "2174"]
[BlackElo "2316"]

1.Nf3 Nf6 2.d4 e6 3.c4 Bb4+ 4.Bd2 a5 5.a3 Bxd2+ 6.Nbxd2 Nc6 7.e3 d6 8.Qc2 Qe7
9.Bd3 a4 10.O-O O-O 11.Rae1 Bd7 12.Ng5 h6 13.Nh7 Nxh7 14.Bxh7+ Kh8 15.Bd3 f5
16.f4 Qf6 17.Qc3 Rae8 18.Bc2 e5 19.fxe5 dxe5 20.d5 Ne7 21.Ne4 Qb6 22.Ng3 Qd6
23.Rf2 b5 24.b3 axb3 25.Bxb3 bxc4 26.Qxc4 Rb8 27.Ra2 Qb6 28.Bc2 Nxd5 29.Qxd5 Be6
30.Qxe5 Bxa2 31.Nxf5 Qf6 32.Qg3 Rb2 33.Bd3 Qg5 34.Qxg5 hxg5 35.Be4 Re8  0-1

[Event "Sozina Open"]
[Site "Bar SCG"]
[Date "2006.03.26"]
[Round "9"]
[White "Antic,De"]
[Black "Nestorovic,DN"]
[Result "1-0"]
[WhiteElo "2505"]
[BlackElo "2361"]

1.d4 Nf6 2.Nf3 e6 3.c4 Bb4+ 4.Bd2 c5 5.Bxb4 cxb4 6.g3 a5 7.Bg2 O-O 8.O-O d6
9.Qd3 Qc7 10.e4 e5 11.Nbd2 Nc6 12.h3 b6 13.Rfd1 Re8 14.Rac1 Nd8 15.a3 bxa3
16.bxa3 Ne6 17.Qc3 Bb7 18.Re1 Nd7 19.Qb2 Qd8 20.c5 dxc5 21.dxe5 Ba6 22.Bf1 b5
23.Bxb5 Bxb5 24.Qxb5 Nxe5 25.Nxe5 Qxd2 26.Nf3 Qh6 27.Kg2 Qf6 28.Rcd1 Qc3
29.Re3 Qc2 30.Rd2 Qc1 31.Rd7 c4 32.Ng5 Rab8 33.Rb7 Rxb7 34.Qxe8+ Nf8 35.e5 h6
36.e6 fxe6 37.Rf3  1-0